Sustainable living centre : Centrum trvale udržitelného rozvoje : Ateliér O'Reilly /

Gespeichert in:
Bibliographische Detailangaben
Weitere Verfasser: Němcová Zedníčková, Zdeňka (Herausgegeben von)
Format: Buch
Sprache:Tschechisch
Englisch
Veröffentlicht: Liberec Technická univerzita v Liberci 2013
Ausgabe:1. vydanie
Schlagworte:
Tags: Tag hinzufügen
Keine Tags, Fügen Sie das erste Tag hinzu!

MARC

LEADER 00000nam a22000003a 4500
001 0004845
003 SK-STU
005 20150617230331.7
007 ta
008 150525s ----xo-----e------000-0-----d
020 |a 978-80-7372-976-9 
040 |a STU  |b slo 
041 0 |a cze 
041 0 |a eng 
044 |a xr 
100 1 |a Němcová Zedníčková, Zdeňka  |4 edt 
245 1 0 |a Sustainable living centre : Centrum trvale udržitelného rozvoje :  |b Ateliér O'Reilly /  |c ed. Zdeňka Němcová Zedníčková 
246 3 1 |a EX-CENTRIC : Architecture outside the centres 
250 |a 1. vydanie 
260 |a Liberec  |b Technická univerzita v Liberci  |c 2013 
300 |a 96 s.  |b 400 ks 
650 0 7 |a trvale udržateľný rozvoj 
650 0 7 |a trvale udržateľné centrum 
650 0 7 |a komunitné centrum 
650 0 7 |a sustainability architecture 
650 0 7 |a sustainable living centre 
996 |b 284AU06441  |c A* 9359/U  |l AAKNST  |s P  |a 0  |w 0004845_0001